000 00318 a2200145 4500
001 121858
020 _a9788540312470
040 _cEscola Canadense de Niteroi
100 _aCarvalho, Paula
245 1 0 _aHistória contextualizada 7º ano
300 _bil.
362 0 _a2018
650 4 _aHistória
942 _cBK
999 _c121858
_d121858